Tour de France 2021 riders - Statistics

General Stats
  • This quiz has been taken 545 times
  • The average score is 74 of 184
Answer Stats
Team # Rider % Correct
UAE Team Emirates 1 Tadej Pogacar
99%
Jumbo-Visma 11 Primoz Roglic
95%
Jumbo-Visma 12 Wout van Aert
94%
INEOS Grenadiers 21 Geraint Thomas
91%
Israel Start-Up Nation 31 Chris Froome
90%
Deceuninck-Quick-Step 51 Julian Alaphilippe
90%
Israel Start-Up Nation 36 Daniel Martin
86%
Cofidis 91 Guillaume Martin
86%
BORA-hansgrohe 71 Peter Sagan
86%
Jumbo-Visma 16 Tony Martin
86%
INEOS Grenadiers 22 Richard Carapaz
85%
Alpecin-Fenix 101 Mathieu van der Poel
84%
Arkea-Samsic 136 Nairo Quintana
84%
Jumbo-Visma 18 Jonas Vingegaard
81%
Jumbo-Visma 15 Sepp Kuss
80%
Deceuninck-Quick-Step 55 Mark Cavendish
79%
Lotto Soudal 151 Caleb Ewan
76%
Movistar 67 Alejandro Valverde
75%
EF Education-NIPPO 111 Rigoberto Uran
74%
Movistar 65 Enric Mas
72%
INEOS Grenadiers 25 Michal Kwiatkowski
72%
Groupama-FDJ 81 David Gaudu
71%
Israel Start-Up Nation 37 Michael Woods
71%
UAE Team Emirates 7 Rafal Majka
70%
Trek-Segafredo 41 Vincenzo Nibali
70%
INEOS Grenadiers 28 Dylan van Baarle
68%
Movistar 61 Miguel Angel Lopez
68%
UAE Team Emirates 3 Rui Costa
67%
BikeExchange 178 Simon Yates
67%
Groupama-FDJ 86 Stefan Kung
67%
INEOS Grenadiers 26 Richie Porte
66%
Deceuninck-Quick-Step 52 Kasper Asgreen
64%
UAE Team Emirates 5 Marc Hirschi
64%
Astana 181 Jakob Fuglsang
63%
Deceuninck-Quick-Step 58 Michael Morkov
63%
Astana 188 Alexey Lutsenko
61%
Trek-Segafredo 44 Bauke Mollema
60%
Alpecin-Fenix 105 Jasper Philipsen
60%
INEOS Grenadiers 23 Jonathan Castroviejo
60%
Arkea-Samsic 131 Warren Barguil
60%
Trek-Segafredo 45 Mads Pedersen
59%
Bahrain Victorious 165 Matej Mohoric
59%
DSM 147 Casper Pedersen
58%
INEOS Grenadiers 27 Luke Rowe
58%
UAE Team Emirates 8 Brandon McNulty
57%
Lotto Soudal 158 Brent Van Moer
56%
BORA-hansgrohe 72 Emanuel Buchmann
55%
Alpecin-Fenix 103 Tim Merlier
55%
Groupama-FDJ 83 Arnaud Demare
54%
BikeExchange 171 Michael Matthews
54%
AG2R Citroën 124 Ben O'Connor
52%
UAE Team Emirates 2 Mikkel Bjerg
52%
Intermarche-Wanty Gobert 211 Louis Meintjes
50%
Trek-Segafredo 46 Toms Skujins
50%
Israel Start-Up Nation 34 Andre Greipel
49%
BORA-hansgrohe 74 Patrick Konrad
49%
DSM 141 Soren Kragh Andersen
49%
UAE Team Emirates 4 Davide Formolo
48%
Astana 186 Hugo Houle
48%
Jumbo-Visma 14 Steven Kruijswijk
48%
AG2R Citroën 128 Greg Van Avermaet
47%
Trek-Segafredo 47 Jasper Stuyven
47%
Jumbo-Visma 13 Robert Gesink
47%
Bahrain Victorious 167 Dylan Teuns
46%
EF Education-NIPPO 116 Magnus Cort
46%
Lotto Soudal 153 Thomas De Gendt
46%
BORA-hansgrohe 73 Wilco Kelderman
46%
BORA-hansgrohe 76 Nils Politt
45%
INEOS Grenadiers 24 Tao Geoghegan Hart
45%
Bahrain Victorious 161 Jack Haig
44%
AG2R Citroën 123 Oliver Naesen
44%
B&B Hotels 228 Pierre Rolland
44%
BORA-hansgrohe 75 Daniel Oss
43%
Movistar 66 Marc Soler
43%
Jumbo-Visma 17 Mike Teunissen
43%
Bahrain Victorious 162 Pello Bilbao
43%
Deceuninck-Quick-Step 56 Tim Declercq
43%
Deceuninck-Quick-Step 53 Davide Ballerini
42%
Astana 187 Ion Izagirre
42%
Trek-Segafredo 43 Kenny Elissonde
42%
Deceuninck-Quick-Step 54 Mattia Cattaneo
42%
Bahrain Victorious 163 Sonny Colbrelli
42%
BikeExchange 172 Esteban Chaves
40%
EF Education-NIPPO 114 Sergio Higuita
40%
TotalEnergies 202 Edvald Boasson Hagen
39%
Trek-Segafredo 48 Edward Theuns
39%
Cofidis 93 Simon Geschke
39%
Groupama-FDJ 87 Valentin Madouas
39%
B&B Hotels 221 Bryan Coquard
38%
Lotto Soudal 154 Philippe Gilbert
38%
TotalEnergies 201 Pierre Latour
38%
Bahrain Victorious 166 Wout Poels
38%
AG2R Citroën 121 Benoit Cosnefroy
37%
Arkea-Samsic 138 Connor Swift
37%
BORA-hansgrohe 77 Lukas Postlberger
37%
EF Education-NIPPO 117 Neilson Powless
37%
DSM 142 Tiesj Benoot
37%
UAE Team Emirates 6 Vegard Stake Laengen
37%
DSM 143 Cees Bol
35%
Cofidis 94 Jesus Herrada
35%
Astana 184 Omar Fraile
33%
EF Education-NIPPO 113 Ruben Guerreiro
33%
Deceuninck-Quick-Step 57 Dries Devenyns
32%
Trek-Segafredo 42 Julien Bernard
31%
EF Education-NIPPO 112 Stefan Bissegger
31%
Cofidis 95 Christophe Laporte
30%
BikeExchange 176 Christopher Juul-Jensen
30%
Groupama-FDJ 85 Ignatas Konovalovas
30%
Israel Start-Up Nation 38 Rick Zabel
30%
Alpecin-Fenix 102 Silvan Dillier
30%
EF Education-NIPPO 115 Michael Valgren
29%
Lotto Soudal 155 Roger Kluge
29%
Qhubeka NextHash 193 Sean Bennett
29%
Movistar 68 Carlos Verona
28%
Movistar 63 Imanol Erviti
28%
BikeExchange 177 Luka Mezgec
28%
Cofidis 96 Anthony Perez
27%
AG2R Citroën 127 Michael Schar
27%
AG2R Citroën 126 Nans Peters
27%
B&B Hotels 223 Franck Bonnamour
26%
Bahrain Victorious 164 Marco Haller
26%
Arkea-Samsic 132 Nacer Bouhanni
26%
Israel Start-Up Nation 33 Omer Goldstein
26%
Qhubeka NextHash 191 Sergio Henao
26%
Intermarche-Wanty Gobert 215 Boy van Poppel
25%
Intermarche-Wanty Gobert 216 Danny van Poppel
25%
Bahrain Victorious 168 Fred Wright
25%
Groupama-FDJ 84 Jacopo Guarnieri
25%
TotalEnergies 208 Anthony Turgis
24%
AG2R Citroën 125 Aurelien Paret-Peintre
24%
TotalEnergies 206 Cristian Rodriguez
23%
BORA-hansgrohe 78 Ide Schelling
23%
Lotto Soudal 152 Jasper De Buyst
23%
BikeExchange 174 Lucas Hamilton
23%
Qhubeka NextHash 197 Michael Gogl
23%
Alpecin-Fenix 108 Petr Vakoc
23%
Astana 183 Stefan de Bod
23%
Israel Start-Up Nation 32 Guillaume Boivin
22%
Astana 182 Alex Aranburu
21%
BikeExchange 175 Amund Grondahl Jansen
21%
Qhubeka NextHash 198 Max Walscheid
21%
Groupama-FDJ 88 Miles Scotson
20%
Arkea-Samsic 135 Daniel McLay
19%
Movistar 64 Ivan Garcia Cortina
19%
EF Education-NIPPO 118 Jonas Rutsch
19%
Qhubeka NextHash 194 Victor Campenaerts
19%
Intermarche-Wanty Gobert 218 Georg Zimmermann
18%
Lotto Soudal 156 Harry Sweeny
18%
B&B Hotels 227 Quentin Pacher
18%
Arkea-Samsic 134 Elie Gesbert
17%
BikeExchange 173 Luke Durbridge
17%
Cofidis 97 Pierre-Luc Perichon
17%
Groupama-FDJ 82 Bruno Armirail
16%
Alpecin-Fenix 107 Kristian Sbaragli
16%
Qhubeka NextHash 195 Simon Clarke
16%
Israel Start-Up Nation 35 Reto Hollenstein
15%
Intermarche-Wanty Gobert 213 Jonas Koch
14%
TotalEnergies 204 Victor de la Parte
14%
Alpecin-Fenix 104 Xandro Meurisse
14%
B&B Hotels 222 Cyril Barthe
13%
Intermarche-Wanty Gobert 212 Jan Bakelants
13%
Cofidis 92 Ruben Fernandez
13%
Lotto Soudal 157 Tosh Van der Sande
13%
Arkea-Samsic 137 Clement Russo
12%
B&B Hotels 225 Cyril Gautier
12%
Astana 185 Dmitry Gruzdev
12%
DSM 148 Jasha Sutterlin
12%
Cofidis 98 Jelle Wallays
12%
Alpecin-Fenix 106 Jonas Rickaert
12%
Movistar 62 Jorge Arcas
12%
TotalEnergies 207 Julien Simon
11%
DSM 144 Mark Donovan
11%
B&B Hotels 224 Maxime Chevalier
11%
Qhubeka NextHash 196 Nic Dlamini
11%
AG2R Citroën 122 Dorian Godon
9%
Intermarche-Wanty Gobert 214 Lorenzo Rota
9%
Arkea-Samsic 133 Anthony Delaplace
7%
Qhubeka NextHash 192 Carlos Barbero
7%
B&B Hotels 226 Cyril Lemoine
7%
DSM 146 Joris Nieuwenhuis
7%
DSM 145 Nils Eekhoff
7%
TotalEnergies 205 Fabien Doubey
5%
TotalEnergies 203 Jeremy Cabot
5%
Intermarche-Wanty Gobert 217 Loic Vliegen
4%
No matching quizzes found
Score Distribution
Percent of People with Each Score
Percentile by Number Answered
Your Score History
You have not taken this quiz